[Event "World Rapid 2023"]
[Site "Samarkand UZB"]
[Date "2023.12.26"]
[EventDate "2023.12.26"]
[Round "1.4"]
[Result "1/2-1/2"]
[White "M Pranesh"]
[Black "Sabino Brunello"]
[WhiteElo "2459"]
[BlackElo "2651"]
[PlyCount "64"]

1. e4 e5 2. Nf3 Nf6 3. d4 Nxe4 4. Bd3 d5 5. Nxe5 Nd7 6. Nxd7 Bxd7 7. O-O
Be7 8. Nc3 Nxc3 9. bxc3 O-O 10. Qh5 f5 11. Re1 b5 12. Bf4 c6 13. Re3 g6 14.
Qf3 Bf6 15. Rae1 Qa5 16. h4 Bxh4 17. Qh3 Qd8 18. Qh2 Rc8 19. Rh3 g5 20. g3
gxf4 21. Rxh4 fxg3 22. Qxg3+ Kh8 23. Qe5+ Qf6 24. Rh6 Qg7+ 25. Qxg7+ Kxg7
26. Rd6 Rc7 27. Kg2 Rf6 28. Re7+ Rf7 29. Re5 Rf6 30. Re7+ Rf7 31. Re5 Rf6
32. Re7+ Rf7 1/2-1/2

[Event "World Rapid 2023"]
[Site "Samarkand UZB"]
[Date "2023.12.26"]
[EventDate "2023.12.26"]
[Round "1.5"]
[Result "1/2-1/2"]
[White "Alexey Sarana"]
[Black "Mahammad Muradli"]
[WhiteElo "2629"]
[BlackElo "2447"]
[PlyCount "184"]

1. d4 Nf6 2. c4 e6 3. Nc3 Bb4 4. e3 b6 5. Ne2 Bb7 6. a3 Be7 7. d5 O-O 8.
Ng3 Re8 9. Be2 exd5 10. cxd5 c6 11. O-O Nxd5 12. Nxd5 cxd5 13. Bf3 Na6 14.
Nf5 Nc7 15. Bd2 Bf8 16. Bc3 Qg5 17. Ng3 Bc6 18. Ne2 Ne6 19. Nd4 Rac8 20.
Rc1 Bd6 21. g3 Be5 22. Bg2 Qf6 23. f4 Bxd4 24. exd4 Nc7 25. a4 Re3 26. Re1
Rxe1+ 27. Bxe1 Re8 28. b3 Re3 29. Bf2 Re7 30. Qd3 Qd6 31. Bf3 Qa3 32. Qc3
Ne8 33. Re1 Rxe1+ 34. Qxe1 Kf8 35. Bd1 Nd6 36. Be3 Nf5 37. Bd2 Qb2 38. Bc3
Qc1 39. Kf2 a5 40. Qd2 Qa3 41. Qb2 Qe7 42. Qe2 Nd6 43. Qxe7+ Kxe7 44. Ke3
Nf5+ 45. Kd2 Nd6 46. Bb2 Kd8 47. Ba3 Kc7 48. Bc2 h6 49. f5 Ne4+ 50. Ke3 d6
51. g4 f6 52. Bd3 Bb7 53. Bc1 Bc6 54. Kf3 Kd7 55. Be3 Kc7 56. Kg2 Be8 57.
Kf3 b5 58. axb5 Kb6 59. Bc1 Bxb5 60. Bc2 Bc6 61. Ba3 Kc7 62. Ke3 Bb5 63. h3
Bf1 64. h4 Bb5 65. Bd1 Ba6 66. Bf3 Bb5 67. Bb2 Ba6 68. Bxe4 dxe4 69. Bc3
Kb6 70. d5 Bb7 71. Kxe4 Kc5 72. Bxa5 Bxd5+ 73. Kf4 Kc6 74. b4 Bc4 75. Bd8
Kd7 76. Bb6 Ke7 77. Bf2 Be2 78. Be1 Kd7 79. Bd2 Ke7 80. Bc3 Ke8 81. g5
hxg5+ 82. hxg5 fxg5+ 83. Ke3 Bd1 84. Bxg7 Bc2 85. f6 Kf7 86. b5 Ba4 87. b6
Bc6 88. Kf2 d5 89. Ke3 g4 90. Kf4 d4 91. Kxg4 d3 92. Bh6 1/2-1/2

[Event "World Rapid 2023"]
[Site "Samarkand UZB"]
[Date "2023.12.26"]
[EventDate "2023.12.26"]
[Round "1.6"]
[Result "1/2-1/2"]
[White "Alisher Suleymenov"]
[Black "Surya Shekhar Ganguly"]
[WhiteElo "2440"]
[BlackElo "2646"]
[PlyCount "194"]

1. d4 Nf6 2. c4 e6 3. Nf3 d5 4. g3 Be7 5. Bg2 O-O 6. O-O c5 7. cxd5 exd5 8.
Nc3 Nc6 9. dxc5 Bxc5 10. Bg5 d4 11. Ne4 Be7 12. Bxf6 Bxf6 13. b4 Nxb4 14.
Nxf6+ Qxf6 15. Qxd4 Qe7 16. Qe5 Qxe5 17. Nxe5 Re8 18. Rfd1 Bf5 19. e4 Be6
20. Rab1 Nxa2 21. Rxb7 Nc3 22. Ra1 a5 23. f4 a4 24. Nc6 a3 25. f5 Bc4 26.
Rc7 Ra4 27. Ne5 Ne2+ 28. Kf2 Ba6 29. Nxf7 Nd4 30. Nd6 Rb8 31. e5 Ra5 32. f6
Rxe5 33. Rxg7+ Kf8 34. Rf7+ Kg8 35. Rg7+ Kf8 36. Be4 Rb2+ 37. Ke3 Nc2+ 38.
Kf4 Rxe4+ 39. Kxe4 Nxa1 40. Rf7+ Kg8 41. Rg7+ Kf8 42. Ra7 Bb7+ 43. Nxb7 Kf7
44. Nc5+ Kxf6 45. Rxa3 Nc2 46. Rf3+ Ke7 47. Rf2 Rb4+ 48. Ke5 Ne3 49. Ra2
Ng4+ 50. Kd5 h5 51. h3 Ne3+ 52. Ke5 Nc4+ 53. Kd4 Nb6+ 54. Ke5 Nc4+ 55. Kd4
Nb6+ 56. Kd3 h4 57. Ra7+ Ke8 58. g4 Nd5 59. Ne6 Nf4+ 60. Nxf4 Rxf4 61. Ke3
Rb4 62. Ra3 Kf7 63. Kf3 Kg6 64. Ra6+ Kg5 65. Ra5+ Kg6 66. Rh5 Rb3+ 67. Kg2
Rb2+ 68. Kf1 Rb1+ 69. Ke2 Rb2+ 70. Ke1 Rh2 71. Rxh4 Kg5 72. Rh5+ Kf4 73.
Kd1 Ke4 74. Kc1 Kd4 75. Rh8 Kc3 76. Kb1 Kb3 77. Rb8+ Kc4 78. Rc8+ Kb3 79.
Rb8+ Kc4 80. Rh8 Kb3 81. Kc1 Kc3 82. Kd1 Kd3 83. Ke1 Ke3 84. Re8+ Kf4 85.
Rf8+ Ke3 86. Kf1 Ke4 87. Kg1 Rxh3 88. Kg2 Ra3 89. Rf5 Rb3 90. Kh2 Ra3 91.
Rf1 Ke5 92. g5 Ke6 93. g6 Ra8 94. Rb1 Rg8 95. Rb6+ Kf5 96. Kg3 Rxg6+ 97.
Rxg6 Kxg6 1/2-1/2

[Event "World Rapid 2023"]
[Site "Samarkand UZB"]
[Date "2023.12.26"]
[EventDate "2023.12.26"]
[Round "1.7"]
[Result "1/2-1/2"]
[White "Parham Maghsoodloo"]
[Black "Kazybek Nogerbek"]
[WhiteElo "2644"]
[BlackElo "2409"]
[PlyCount "110"]

1. Nf3 d5 2. g3 Nf6 3. Bg2 e6 4. c4 d4 5. d3 c5 6. e4 Nc6 7. e5 Nd7 8. Qe2
Be7 9. h4 Qc7 10. Bf4 b6 11. Nbd2 Bb7 12. O-O h6 13. h5 O-O-O 14. a3 g5 15.
hxg6 fxg6 16. g4 g5 17. Bg3 a5 18. Ne4 Ncxe5 19. Nxe5 Nxe5 20. Nxg5 Bxg2
21. Kxg2 hxg5 22. Bxe5 Qc6+ 23. f3 Rh4 24. Bg3 Rxg4 25. Rae1 Kd7 26. Rh1
Rh4 27. Bxh4 gxh4 28. Qe4 Rg8+ 29. Kf2 Qxe4 30. Rxe4 Bd6 31. Rg4 Bg3+ 32.
Kg2 Rf8 33. b3 Rf5 34. b4 Re5 35. Re4 Rxe4 36. fxe4 axb4 37. axb4 cxb4 38.
Rb1 Bd6 39. Kh3 Be7 40. Kg4 Kc6 41. Kf4 Bd6+ 42. Kg5 b5 43. cxb5+ Kxb5 44.
Kxh4 Bf4 45. Kg4 e5 46. Kf3 Ka4 47. Ra1+ Kb3 48. Ke2 Kc3 49. Ra8 b3 50.
Rc8+ Kb2 51. Kd1 Ka2 52. Ra8+ Kb2 53. Rc8 Kb1 54. Rb8 Kb2 55. Rc8 1/2-1/2

[Event "World Rapid 2023"]
[Site "Samarkand UZB"]
[Date "2023.12.26"]
[EventDate "2023.12.26"]
[Round "1.8"]
[Result "0-1"]
[White "Tigran K Harutyunyan"]
[Black "Evgeny Tomashevsky"]
[WhiteElo "2441"]
[BlackElo "2628"]
[PlyCount "154"]

1. d4 Nf6 2. c4 e6 3. Nf3 d5 4. g3 Be7 5. Bg2 O-O 6. Nc3 Nbd7 7. Qd3 b6 8.
cxd5 Nxd5 9. O-O Bb7 10. e4 Nxc3 11. bxc3 Nc5 12. Qe3 Nxe4 13. Ne5 Nd6 14.
Bxb7 Nxb7 15. Nc6 Qd7 16. Qf3 Na5 17. Nxa5 bxa5 18. Rb1 Qa4 19. Qe2 Rab8
20. Rxb8 Rxb8 21. Qa6 Bd6 22. Qxa7 Rf8 23. a3 h6 24. Re1 Qc6 25. Qxa5 Ra8
26. Qh5 Qxc3 27. Rd1 Bxa3 28. Bxa3 Rxa3 29. Qc5 Qf3 30. Rf1 Rc3 31. Qe7 Kh7
32. h4 c6 33. Qb4 Rc2 34. Qb1 Qf5 35. Qb7 h5 36. Qb3 Qe4 37. Qb7 Kg6 38.
Qe7 Qf3 39. Qg5+ Kh7 40. Qe5 Re2 41. Qg5 Ra2 42. Qe5 Rb2 43. Qg5 Rc2 44.
Qe5 Rd2 45. Qc5 Qd5 46. Qe7 Kg6 47. Re1 Rxd4 48. Kh2 Rd2 49. Rf1 c5 50. Qa7
c4 51. Qe3 Rd3 52. Qf4 Rd4 53. Qe3 Re4 54. Qc1 Re2 55. Kg1 Rd2 56. Qb1+ Kh6
57. Qc1 Kh7 58. Qb1+ g6 59. Qb4 Kg7 60. Qc3+ Qd4 61. Qxd4+ Rxd4 62. Rc1 Kf6
63. Kf1 Ke5 64. Ke2 Kd5 65. Ra1 c3 66. Ke3 Rc4 67. Kd3 c2 68. Rc1 e5 69. f3
f5 70. Rxc2 e4+ 71. fxe4+ fxe4+ 72. Kd2 Rxc2+ 73. Kxc2 Kd4 74. Kd2 e3+ 75.
Ke1 Kd3 76. Kd1 e2+ 77. Ke1 Ke3 0-1

[Event "World Rapid 2023"]
[Site "Samarkand UZB"]
[Date "2023.12.26"]
[EventDate "2023.12.26"]
[Round "1.9"]
[Result "0-1"]
[White "Iturrizaga Bonelli, Eduardo"]
[Black "Guha Mitrabha"]
[WhiteElo "2635"]
[BlackElo "2436"]
[PlyCount "104"]

1. c4 Nf6 2. Nc3 e6 3. Nf3 d5 4. e3 Bd6 5. d4 O-O 6. Be2 b6 7. O-O Bb7 8.
b3 a6 9. Bb2 Nbd7 10. Qc2 Qe7 11. a3 dxc4 12. bxc4 c5 13. Rfe1 Rac8 14. Qb3
Qd8 15. a4 Qc7 16. d5 exd5 17. Nxd5 Bxd5 18. cxd5 c4 19. Qc3 b5 20. axb5
axb5 21. Ra6 Nb6 22. e4 Rfe8 23. Qa5 Nbd7 24. Qxc7 Bxc7 25. d6 Bb6 26. Bd4
Bxd4 27. Nxd4 Rxe4 28. Nxb5 c3 29. Kf1 c2 30. Nc7 Nd5 31. Rc1 Nb4 32. Ra3
Rd4 33. Nb5 Re4 34. Nc7 Rd4 35. Nb5 Rd5 36. Ra4 Nd3 37. Bxd3 Rxd3 38. Ke2
Rd5 39. Nd4 Re8+ 40. Kf3 Nc5 41. Rc4 Nd3 42. R1xc2 Ne1+ 43. Kg3 Nxc2 44.
Nxc2 Rxd6 45. Ne3 g6 46. Kf3 Kg7 47. g3 h5 48. h4 Ra8 49. Rc2 Ra3 50. Rb2
Rda6 51. Rc2 Ra2 52. Rc1 Rf6+ 0-1

[Event "World Rapid 2023"]
[Site "Samarkand UZB"]
[Date "2023.12.26"]
[EventDate "2023.12.26"]
[Round "1.10"]
[Result "1-0"]
[White "Jens Hirneise"]
[Black "Haik M Martirosyan"]
[WhiteElo "2436"]
[BlackElo "2575"]
[PlyCount "60"]

1. e4 c5 2. c3 e6 3. d4 d5 4. exd5 Qxd5 5. Nf3 Nf6 6. Na3 a6 7. Nc4 Nbd7 8.
a4 Be7 9. Be2 cxd4 10. Qxd4 O-O 11. O-O b6 12. Be3 Bc5 13. Qh4 Bb7 14. Rfd1
Qc6 15. Bxc5 Qxc5 16. Qd4 Bd5 17. Ne3 Qc7 18. Qh4 Be4 19. Qg3 Rfc8 20. Qxc7
Rxc7 21. Nd2 Bg6 22. Ndc4 Kf8 23. h4 Ke7 24. g4 h6 25. Rd4 Rb8 26. Na3 Nc5
27. Rad1 Rd7 28. g5 hxg5 29. hxg5 Nfe4 30. Rxd7+ Nxd7 1-0

[Event "World Rapid 2023"]
[Site "Samarkand UZB"]
[Date "2023.12.26"]
[EventDate "2023.12.26"]
[Round "1.11"]
[Result "1/2-1/2"]
[White "Gadir Guseinov"]
[Black "Mamikon Gharibyan"]
[WhiteElo "2631"]
[BlackElo "2382"]
[PlyCount "128"]

1. e4 e5 2. Nf3 Nc6 3. Bb5 a6 4. Bxc6 dxc6 5. O-O f6 6. d4 exd4 7. Nxd4 c5
8. Nb3 Qxd1 9. Rxd1 Be6 10. Nc3 c4 11. Nd4 Bf7 12. Bf4 O-O-O 13. Nf5 Re8
14. Rd2 Ne7 15. Nxe7+ Bxe7 16. Rad1 Rd8 17. Nd5 Bxd5 18. Rxd5 Rxd5 19. Rxd5
c6 20. Rd1 Rd8 21. Rxd8+ Kxd8 22. Kf1 Kd7 23. Ke2 b5 24. g4 g6 25. Be3 Ke6
26. f4 f5 27. Kf3 fxg4+ 28. Kxg4 h5+ 29. Kf3 a5 30. Bb6 a4 31. Ke3 Bf6 32.
Bd4 Be7 33. h3 Bd6 34. Bb6 c5 35. e5 Be7 36. Ke4 Bf8 37. Bd8 Kd7 38. Bg5
Ke6 39. Bh4 Bh6 40. Be1 Bf8 41. Bf2 Be7 42. Bg3 Bf8 43. Bh4 Bh6 44. Bf6 Bf8
45. Bh8 Bh6 46. Bf6 Bf8 47. Bd8 Kd7 48. Bb6 Ke6 49. Ba7 Be7 50. Bb8 Bf8 51.
c3 Be7 52. Bc7 Bf8 53. Bd8 Kd7 54. Bh4 Ke6 55. Bg5 Bg7 56. h4 Bf8 57. Bf6
Bh6 58. Bg5 Bf8 59. Bd8 Kd7 60. Bb6 Ke6 61. Bd8 Kd7 62. Bf6 Ke6 63. Bg5 Bg7
64. Bd8 Bf8 1/2-1/2

[Event "World Rapid 2023"]
[Site "Samarkand UZB"]
[Date "2023.12.26"]
[EventDate "2023.12.26"]
[Round "1.13"]
[Result "1/2-1/2"]
[White "Dmitry Andreikin"]
[Black "Venkataraman Karthik"]
[WhiteElo "2631"]
[BlackElo "2426"]
[PlyCount "58"]

1. Nf3 d5 2. g3 b6 3. Bg2 Bb7 4. c4 dxc4 5. Na3 Nd7 6. Nxc4 e6 7. O-O Be7
8. b4 Ngf6 9. a3 O-O 10. Bb2 a6 11. Nfe5 Bxg2 12. Kxg2 Nxe5 13. Nxe5 Qd5+
14. f3 c5 15. bxc5 Bxc5 16. e4 Qb7 17. d4 Be7 18. Rc1 Rac8 19. Rf2 Nd7 20.
Nd3 b5 21. Rfc2 Nb6 22. Ne5 Bd6 23. Rxc8 Rxc8 24. Rxc8+ Qxc8 25. d5 exd5
26. exd5 Qc5 27. Qe2 Nxd5 28. Nd3 Qe3 29. Qc2 Qe6 1/2-1/2

[Event "World Rapid 2023"]
[Site "Samarkand UZB"]
[Date "2023.12.26"]
[EventDate "2023.12.26"]
[Round "1.14"]
[Result "0-1"]
[White "Gallego Alcaraz, Andres Felipe"]
[Black "Yuriy Kuzubov"]
[WhiteElo "2419"]
[BlackElo "2626"]
[PlyCount "132"]

1. d4 Nf6 2. c4 e6 3. Nf3 d5 4. g3 Be7 5. Bg2 O-O 6. O-O dxc4 7. Qc2 a6 8.
a4 Bd7 9. Qxc4 Bc6 10. Bf4 Bd6 11. Qc1 Nbd7 12. a5 Qe7 13. Rd1 Rfe8 14. Nc3
Rab8 15. Re1 Bxf3 16. Bxf3 c6 17. e4 Bxf4 18. Qxf4 e5 19. dxe5 Nxe5 20. Be2
Qb4 21. Qc1 Rbd8 22. Ra4 Qc5 23. Kg2 Nd3 24. Bxd3 Rxd3 25. Nd5 Nd7 26. Nf4
Qxc1 27. Rxc1 Rb3 28. Rc2 Ne5 29. Rd2 Kf8 30. Ne2 Nf3 31. Rd1 Ng5 32. Nc3
Rxb2 33. Rd7 Ne6 34. Rc4 Re7 35. Rd3 Ke8 36. e5 Rd7 37. Rxd7 Kxd7 38. Ne4
Rb5 39. f4 Rxa5 40. Nd6 Ra2+ 41. Kf3 b5 42. Rc1 f6 43. Rd1 fxe5 44. Nxb5+
Ke7 45. Na7 Ra3+ 46. Ke4 exf4 47. Nxc6+ Kf6 48. gxf4 Ra4+ 49. Ke3 Nxf4 50.
Rf1 g5 51. h4 Ra3+ 52. Ke4 Ra4+ 53. Ke3 h6 54. hxg5+ hxg5 55. Nd4 Kg6 56.
Rc1 a5 57. Rc6+ Kh5 58. Ra6 Nd5+ 59. Ke4 Nc7 60. Rb6 Rb4 61. Rxb4 axb4 62.
Kd3 g4 63. Kc4 Na6 64. Kd3 g3 65. Ke2 Kg4 66. Kf1 Nc5 0-1

[Event "World Rapid 2023"]
[Site "Samarkand UZB"]
[Date "2023.12.26"]
[EventDate "2023.12.26"]
[Round "1.15"]
[Result "1-0"]
[White "Anton Guijarro, David"]
[Black "Matvey Galchenko"]
[WhiteElo "2640"]
[BlackElo "2416"]
[PlyCount "88"]

1. Nf3 c5 2. e4 g6 3. Bc4 Bg7 4. O-O Nc6 5. d3 e6 6. Nc3 Nge7 7. a3 O-O 8.
Ba2 d5 9. Re1 h6 10. h3 a6 11. Bf4 b5 12. exd5 Nxd5 13. Nxd5 exd5 14. c3 d4
15. c4 b4 16. Bb3 Bb7 17. Ba4 g5 18. Bg3 Ne7 19. axb4 cxb4 20. Ne5 Nf5 21.
Nd7 Nxg3 22. fxg3 Qc7 23. Nxf8 Rxf8 24. Kh2 Be5 25. Rxe5 Qxe5 26. Qd2 a5
27. Re1 Qd6 28. Qe2 Bc6 29. Bxc6 Qxc6 30. Qe5 a4 31. Qxd4 Ra8 32. Rf1 Ra6
33. Qd8+ Kg7 34. Qe7 Qg6 35. Qxb4 Qxd3 36. Rxf7+ Kxf7 37. Qb7+ Kg8 38. Qxa6
Qc2 39. Qb5 Kf7 40. c5 Ke7 41. Qb7+ Ke6 42. Qc6+ Ke7 43. Qd6+ Kf7 44. c6
1-0

[Event "World Rapid 2023"]
[Site "Samarkand UZB"]
[Date "2023.12.26"]
[EventDate "2023.12.26"]
[Round "1.16"]
[Result "0-1"]
[White "Mukhiddin Madaminov"]
[Black "Javokhir Sindarov"]
[WhiteElo "2337"]
[BlackElo "2596"]
[PlyCount "110"]

1. e4 c5 2. Nf3 g6 3. d4 cxd4 4. Nxd4 Nc6 5. Nc3 Bg7 6. Be3 Nf6 7. Nxc6
bxc6 8. e5 Ng8 9. Bd4 Qa5 10. f4 Rb8 11. Qd2 Rxb2 12. Ne4 Qxd2+ 13. Kxd2
Rb4 14. c3 Rb2+ 15. Kc1 Rb8 16. Bc4 d5 17. exd6 Bxd4 18. cxd4 Rb4 19. Bb3
Rxd4 20. Ng5 Rxf4 21. Rd1 exd6 22. Rxd6 Nh6 23. Rxc6 O-O 24. Rc7 Rf2 25.
Rc2 Rxc2+ 26. Kxc2 Re8 27. Kd2 Ba6 28. h4 Kg7 29. Rc1 Re2+ 30. Kd1 Re7 31.
g3 Nf5 32. Rc3 Nd4 33. Kd2 h6 34. Nf3 Ne2 35. Rc5 Nxg3 36. Kc1 Nf5 37. h5
Bb7 38. Ne5 Nd6 39. hxg6 fxg6 40. Bc2 Be4 41. Nd3 h5 42. Nf4 Bxc2 43. Kxc2
Nf7 44. Kd2 h4 45. Rc6 Ne5 46. Ra6 Kh6 47. Ke3 Kg5 48. Nh3+ Kf5 49. Ra5 g5
50. Ng1 Kg4 51. Kf2 Nd3+ 52. Kg2 Rc7 53. Ra3 Rc2+ 54. Kh1 Nf2+ 55. Kg2 h3+
0-1

[Event "World Rapid 2023"]
[Site "Samarkand UZB"]
[Date "2023.12.26"]
[EventDate "2023.12.26"]
[Round "1.17"]
[Result "1/2-1/2"]
[White "Rauf Mamedov"]
[Black "Sinisa Drazic"]
[WhiteElo "2578"]
[BlackElo "2412"]
[PlyCount "84"]

1. e4 c6 2. Nf3 g6 3. d4 Bg7 4. Bd3 d6 5. h3 Nf6 6. O-O O-O 7. Re1 Qc7 8.
Bf4 Nbd7 9. Bh2 e5 10. c3 Re8 11. Nbd2 Nh5 12. Bf1 Nb6 13. a4 a5 14. Nc4
Nxc4 15. Bxc4 Bh6 16. Bf1 Nf4 17. Qc2 Be6 18. Rad1 f6 19. c4 c5 20. d5 Bd7
21. Nd2 Rf8 22. Nb1 Rae8 23. Nc3 Bc8 24. Kh1 Qd8 25. Qb3 Rf7 26. Nb5 b6 27.
Na3 Bd7 28. Nc2 Kh8 29. Ne3 Bg7 30. Qc2 Kg8 31. Ra1 h5 32. Ra3 Bh6 33. Qd1
h4 34. Be2 Ref8 35. Ng4 Bg5 36. Bf1 Rh7 37. Ne3 f5 38. Qb1 Qf6 39. Rb3 Rb8
40. Ra3 Rf8 41. Rb3 Rb8 42. Ra3 Rf8 1/2-1/2

[Event "World Rapid 2023"]
[Site "Samarkand UZB"]
[Date "2023.12.26"]
[EventDate "2023.12.26"]
[Round "1.18"]
[Result "0-1"]
[White "Grzegorz Nasuta"]
[Black "Kirill Shevchenko"]
[WhiteElo "2402"]
[BlackElo "2619"]
[PlyCount "114"]

1. e4 c5 2. Nf3 Nc6 3. d4 cxd4 4. Nxd4 Nf6 5. Nc3 d6 6. Bg5 e6 7. Qd2 a6 8.
O-O-O Bd7 9. Kb1 Be7 10. Nxc6 Bxc6 11. f3 Qc7 12. h4 h6 13. Be3 Rc8 14. Rh3
b5 15. g4 Nd7 16. Ne2 Ne5 17. Nd4 Bb7 18. g5 hxg5 19. Bxg5 Rd8 20. Qg2 g6
21. Be2 Nc4 22. Bxc4 bxc4 23. Bxe7 Qxe7 24. Qd2 e5 25. Ne2 d5 26. exd5 Rxd5
27. Qe1 Rxd1+ 28. Qxd1 Rxh4 29. Rxh4 Qxh4 30. Qd6 Qe1+ 31. Nc1 Bxf3 32.
Qxa6 Qe4 33. Qb5+ Kf8 34. Qb8+ Kg7 35. Qd8 Qd4 36. Qg5 e4 37. Qf4 Qf6 38.
Qe3 g5 39. a4 Qf4 40. Qd4+ Kg6 41. a5 e3 42. Qb6+ Kh5 43. a6 e2 44. Qf2 Qe4
45. Qe1 Qe3 46. a7 Qxa7 47. Nxe2 Bxe2 48. Qxe2+ g4 49. Qe5+ Kg6 50. Qe4+
Kg5 51. Qxc4 g3 52. Qd5+ f5 53. c4 Qe3 54. Ka2 Qe4 55. Qg8+ Kf4 56. c5 g2
57. b3 Qc2+ 0-1

[Event "World Rapid 2023"]
[Site "Samarkand UZB"]
[Date "2023.12.26"]
[EventDate "2023.12.26"]
[Round "1.19"]
[Result "1-0"]
[White "Ivan Cheparinov"]
[Black "Raymond Song"]
[WhiteElo "2652"]
[BlackElo "2402"]
[PlyCount "174"]

1. e4 c5 2. Nf3 d6 3. Bb5+ Nd7 4. c3 Nf6 5. Bd3 e6 6. O-O Be7 7. Re1 O-O 8.
Bc2 b5 9. d4 Bb7 10. e5 Nd5 11. Qd3 g6 12. Qxb5 Qc7 13. exd6 Bxd6 14. Nbd2
cxd4 15. Ne4 dxc3 16. Nxd6 Qxd6 17. bxc3 Qc6 18. Qxc6 Bxc6 19. Nd4 Rac8 20.
Ba3 Rfd8 21. c4 N5b6 22. Bb3 Ba8 23. Nb5 Nxc4 24. Be7 Re8 25. Nxa7 Rb8 26.
Bh4 Bd5 27. Rad1 Nb2 28. Rd2 Bxb3 29. axb3 Nc5 30. Rxb2 Nd3 31. Rbe2 Nxe1
32. Rxe1 Rxb3 33. Nc6 Rc3 34. Ne5 Rec8 35. Bf6 Rc1 36. Kf1 Rxe1+ 37. Kxe1
Rc2 38. g4 h6 39. Kf1 Ra2 40. h4 Rc2 41. Kg2 Ra2 42. Kg3 Ra3+ 43. f3 Ra4
44. Nd3 Ra3 45. Nc5 Ra5 46. Ne4 Kf8 47. Nd6 Kg8 48. Nc4 Rc5 49. Ne5 Ra5 50.
h5 gxh5 51. gxh5 Rb5 52. Kh4 Rb4+ 53. Ng4 Kh7 54. Kg3 Rb5 55. Be5 Ra5 56.
Nf6+ Kg7 57. f4 Ra3+ 58. Kg4 Ra2 59. Nd5+ Kh7 60. Nf6+ Kg7 61. Kf3 Ra3+ 62.
Ke4 Ra4+ 63. Kd3 Ra3+ 64. Kd4 Ra5 65. Ng4+ Kh7 66. Nf6+ Kg7 67. Kc4 Ra2 68.
Kc5 Ra6 69. Kb5 Ra2 70. Kc6 Ra6+ 71. Kd7 Ra7+ 72. Ke8 Ra8+ 73. Ke7 Ra7+ 74.
Nd7+ Kg8 75. Bd4 Rb7 76. Ke8 Rb5 77. Nf6+ Kg7 78. Ng4+ Kg8 79. Be5 f5 80.
Nxh6+ Kh7 81. Nf7 Rb7 82. Kf8 Ra7 83. Bf6 Ra4 84. Bg5 Ra7 85. Ke8 Rb7 86.
Nd8 Rb6 87. Kf7 1-0

[Event "World Rapid 2023"]
[Site "Samarkand UZB"]
[Date "2023.12.26"]
[EventDate "2023.12.26"]
[Round "1.20"]
[Result "1-0"]
[White "Ortik Nigmatov"]
[Black "Aleksandr Rakhmanov"]
[WhiteElo "2398"]
[BlackElo "2633"]
[PlyCount "60"]

1. e4 d5 2. exd5 c6 3. dxc6 Nxc6 4. Nf3 e5 5. d3 h6 6. Be2 Be6 7. O-O g5 8.
h3 Bg7 9. Nbd2 f5 10. Nb3 Nge7 11. Nc5 Bc8 12. c3 b6 13. Nb3 Be6 14. d4 e4
15. Nh2 O-O 16. f3 exf3 17. Bxf3 a5 18. Re1 Bf7 19. a4 Qd7 20. Be3 Rae8 21.
Bf2 Nd5 22. Nd2 Nf4 23. Qc2 Rc8 24. Qb1 Rfe8 25. Ndf1 Ne7 26. Ne3 h5 27.
Bg3 Nxh3+ 28. gxh3 f4 29. Bf2 fxe3 30. Rxe3 Nd5 1-0

[Event "World Rapid 2023"]
[Site "Samarkand UZB"]
[Date "2023.12.26"]
[EventDate "2023.12.26"]
[Round "1.21"]
[Result "1-0"]
[White "Maxim Matlakov"]
[Black "Ramazan Zhalmakhanov"]
[WhiteElo "2616"]
[BlackElo "2399"]
[PlyCount "68"]

1. d4 d6 2. Nf3 Nf6 3. c4 Bg4 4. Nc3 Bxf3 5. exf3 g6 6. g4 Bg7 7. Be3 O-O
8. h4 e5 9. d5 c6 10. h5 cxd5 11. Nxd5 Nc6 12. hxg6 hxg6 13. Bg2 Nxd5 14.
Qxd5 Rc8 15. O-O-O e4 16. Kb1 Ne5 17. Bd4 exf3 18. Bxf3 Nxc4 19. Bxg7 Kxg7
20. Qd4+ Ne5 21. Bxb7 Rc4 22. Qd2 g5 23. f3 Qf6 24. Be4 Rb8 25. b3 Rcb4 26.
Qxd6 Qxd6 27. Rxd6 Nxg4 28. Rg1 Ne3 29. Rxg5+ Kf8 30. Rd7 a5 31. Bh7 Ke8
32. Rc7 Kd8 33. Rxf7 Ke8 34. Ra7 1-0

[Event "World Rapid 2023"]
[Site "Samarkand UZB"]
[Date "2023.12.26"]
[EventDate "2023.12.26"]
[Round "1.22"]
[Result "1-0"]
[White "Artem Pingin"]
[Black "Giovanni Vescovi"]
[WhiteElo "2394"]
[BlackElo "2609"]
[PlyCount "90"]

1. e4 c6 2. Nc3 d5 3. d4 dxe4 4. Nxe4 Nd7 5. Ng5 e6 6. Bd3 Ngf6 7. Qe2 Bd6
8. N1f3 h6 9. Ne4 Nxe4 10. Qxe4 Nf6 11. Qe2 Qb6 12. O-O c5 13. dxc5 Qxc5
14. Be3 Qh5 15. Bb5+ Ke7 16. Rfd1 Rd8 17. h3 Bd7 18. a4 a6 19. Bxd7 Rxd7
20. c4 Rc8 21. b3 Ne4 22. Rd4 Nc5 23. Rad1 a5 24. Qe1 b6 25. b4 Nb7 26. b5
Nc5 27. Rh4 Qf5 28. Nd4 Qf6 29. Nc6+ Rxc6 30. bxc6 Rc7 31. Rhd4 Rxc6 32.
Qe2 Qf5 33. Qb2 Be5 34. Qb5 Bxd4 35. Qxc6 Bxe3 36. Qd6+ Kf6 37. fxe3 Qe4
38. Rf1+ Kg6 39. Qg3+ Kh7 40. Rxf7 Qb1+ 41. Kh2 Qb2 42. Qf4 Nxa4 43. Qe4+
Kg8 44. Qxe6 Nc5 45. Qd5 1-0

[Event "World Rapid 2023"]
[Site "Samarkand UZB"]
[Date "2023.12.26"]
[EventDate "2023.12.26"]
[Round "1.23"]
[Result "0-1"]
[White "Hans Moke Niemann"]
[Black "Gabriel Gaehwiler"]
[WhiteElo "2592"]
[BlackElo "2384"]
[PlyCount "118"]

1. d4 Nf6 2. c4 e6 3. Nc3 d5 4. cxd5 exd5 5. Bg5 Be7 6. e3 O-O 7. Bd3 c6 8.
Qc2 h6 9. Bh4 Re8 10. Nge2 Ng4 11. Bg3 Bd6 12. Bxd6 Qxd6 13. h3 Nf6 14.
O-O-O b5 15. g4 Na6 16. Qd2 b4 17. Na4 Ne4 18. Bxe4 dxe4 19. Kb1 Be6 20.
Rc1 Red8 21. Rhd1 Rab8 22. b3 Bd5 23. Nf4 Nc7 24. h4 g6 25. h5 g5 26. Ne2
Qd7 27. Rg1 Ne6 28. Ng3 Ng7 29. Qe2 Rf8 30. Nc5 Qe7 31. Qc2 Rbe8 32. Rcf1
Kh8 33. Qd2 a5 34. Nf5 Nxf5 35. gxf5 Rg8 36. Rc1 Ra8 37. Qe2 Rge8 38. Na4
Qf6 39. Qg4 Rab8 40. Rc5 Rb5 41. Rgc1 Kh7 42. R1c2 Kg7 43. Kc1 Qd6 44. Qg3
Qf6 45. Qc7 Qxf5 46. Rxb5 cxb5 47. Nc5 a4 48. Qb6 axb3 49. axb3 Ra8 50.
Qxb5 Bxb3 51. Re2 Bd5 52. Qxb4 Qg4 53. Re1 Qxh5 54. Kb1 Qh2 55. Qd2 Ra2 56.
Qb4 Qxf2 57. Qc3 h5 58. Rc1 h4 59. Nd7 Ra7 0-1

[Event "World Rapid 2023"]
[Site "Samarkand UZB"]
[Date "2023.12.26"]
[EventDate "2023.12.26"]
[Round "1.24"]
[Result "1/2-1/2"]
[White "Zhandos Agmanov"]
[Black "Tigran L Petrosian"]
[WhiteElo "2403"]
[BlackElo "2623"]
[PlyCount "68"]

1. e4 c6 2. d4 d5 3. e5 Bf5 4. Nf3 e6 5. Be2 Nd7 6. O-O Ne7 7. Nbd2 Bg6 8.
Nh4 c5 9. c3 cxd4 10. cxd4 Nc6 11. Nxg6 hxg6 12. Nf3 Qb6 13. Be3 Be7 14. a3
O-O 15. b4 Rfc8 16. Qd2 Qd8 17. Rfc1 a6 18. Rc2 Na7 19. Rac1 Rxc2 20. Rxc2
Rc8 21. Ne1 Nb6 22. Qc1 Rxc2 23. Qxc2 Qd7 24. Nf3 Nb5 25. Qb3 Qc6 26. Bf1
Qc3 27. Qxc3 Nxc3 28. Nd2 Nb5 29. Bxb5 axb5 30. Nb1 Na4 31. Kf1 Kf8 32. Ke2
Ke8 33. Bc1 Kd7 34. Kd3 Kc6 1/2-1/2

[Event "World Rapid 2023"]
[Site "Samarkand UZB"]
[Date "2023.12.26"]
[EventDate "2023.12.26"]
[Round "1.25"]
[Result "1/2-1/2"]
[White "Sandipan Chanda"]
[Black "Mittal Aditya"]
[WhiteElo "2602"]
[BlackElo "2381"]
[PlyCount "108"]

1. d4 Nf6 2. c4 e6 3. Nc3 Bb4 4. e3 O-O 5. Bd2 b6 6. Nf3 Bb7 7. Bd3 c5 8.
O-O cxd4 9. exd4 d5 10. cxd5 Nxd5 11. Ne5 Nd7 12. Qh5 f5 13. Qe2 N7f6 14.
Nc6 Qd6 15. Nxb4 Nxb4 16. Bc4 Nbd5 17. Qe5 Qxe5 18. dxe5 Rac8 19. Bb3 Nd7
20. Nxd5 Bxd5 21. Bxd5 exd5 22. Bc3 Kf7 23. e6+ Kxe6 24. Bxg7 Rfe8 25. Bc3
Kd6 26. Rad1 Nc5 27. f3 Na4 28. Bb4+ Kc6 29. b3 a5 30. Bxa5 bxa5 31. bxa4
Kd6 32. Rd2 Rc4 33. Rb1 Rb4 34. Rc1 Rxa4 35. Rdc2 Re3 36. Kf2 f4 37. Rc6+
Ke5 38. R1c2 Rea3 39. Re2+ Kd4 40. Rd2+ Rd3 41. Re2 Rda3 42. Rd2+ Rd3 43.
Re2 Rd1 44. g3 Rc4 45. Ra6 fxg3+ 46. hxg3 a4 47. f4 Kc3 48. f5 d4 49. f6 d3
50. Re3 Rd2+ 51. Kf3 Rd1 52. Kf2 Rd2+ 53. Kf3 Rd1 54. Kf2 1/2-1/2

[Event "World Rapid 2023"]
[Site "Samarkand UZB"]
[Date "2023.12.26"]
[EventDate "2023.12.26"]
[Round "1.26"]
[Result "0-1"]
[White "Nikolay Averin"]
[Black "Anton Korobov"]
[WhiteElo "2240"]
[BlackElo "2601"]
[PlyCount "72"]

1. e4 c5 2. Nf3 d6 3. d4 cxd4 4. Nxd4 Nf6 5. Nc3 a6 6. Be3 e5 7. Nb3 Be7 8.
f3 h5 9. a4 Be6 10. a5 Nbd7 11. Be2 O-O 12. O-O b5 13. Qd2 Rc8 14. Nd5 Nxd5
15. exd5 Bf5 16. Rfc1 Qc7 17. c3 Qb7 18. Rd1 Bg6 19. Nc1 f5 20. f4 h4 21.
Na2 h3 22. g3 Nc5 23. Qc2 exf4 24. gxf4 Rfe8 25. Nb4 Bf6 26. Bd4 Bxd4+ 27.
Rxd4 Ne6 28. Rad1 Nxd4 29. Rxd4 Qe7 30. Bf1 Qh4 31. Qf2 Qg4+ 32. Qg3 Re1
33. Rd2 Ra1 34. Nc6 Re8 35. Rf2 Qxg3+ 36. hxg3 Ree1 0-1